Statistics for Countries with the Busiest Ports

Click here to take the quiz!

General Stats

  • This quiz has been taken 43 times
    (30 since last reset)
  • The average score is 10 of 12

Answer Stats

RankCountry% Correct
10United States
100%
1China
97%
11Japan
97%
9Germany
90%
3South Korea
90%
6Netherlands
86%
12Indonesia
83%
5Malaysia
83%
2Singapore
83%
7Taiwan
83%
8Belgium
69%
4United Arab Emirates
69%

Score Distribution

Percentile by Number Answered

Percent of People with Each Score

Your Score History

You have not taken this quiz since the last reset